[Event "Nord Baltic-chS 1st corr"]
[Site "Denmark"]
[Date "1995.??.??"]
[Round "?"]
[White "Lovholt, Thor"]
[Black "Umberg, Voldemar"]
[Result "1/2-1/2"]
[WhiteElo "2285"]
[BlackElo "2200"]
[PlyCount "109"]
[EventDate "1995.??.??"]
[EventType "tourn (corr)"]
[EventRounds "15"]
[EventCountry "DEN"]
[EventCategory "4"]
[SourceTitle "Corr 2002"]
[Source "ChessBase"]
[SourceDate "2002.05.23"]
[SourceVersion "1"]
[SourceVersionDate "2002.05.23"]
[SourceQuality "1"]

1. e4 c5 2. c3 d5 3. exd5 Qxd5 4. d4 Nc6 5. Nf3 Bg4 6. Be2 e6 7. h3 Bh5 8. c4 Qd7 9. d5 exd5 10. cxd5 Bxf3 11. Bxf3 Nd4 12. 0-0 Bd6 13. Bg4 f5 14. Bh5+ g6 15. Re1+ Ne7 16. Bf3 0-0 17. Bh6 Rfe8 18. Nc3 b5 19. Be3 Nxf3+ 20. Qxf3 Kg7 21. Rad1 Ng8 22. Ne2 Nf6 23. Nf4 Bxf4 24. Qxf4 Rac8 25. Qh4 h5 26. f3 Kf7 27. d6 Re6 28. Qg3 h4 29. Qxh4 Rxd6 30. Rc1 c4 31. Bg5 Rg8 32. a4 a6 33. axb5 axb5 34. Ra1 Rg7 35. Qh8 Rg8 36. Qh6 Qc8 37. Bxf6 Kxf6 38. Qh4+ g5 39. Qh6+ Rg6 40. Qh5 Rg8 41. Ra7 Qc5+ 42. Kh1 Qxa7 43. Qh6+ Rg6 44. Qf8+ Qf7 45. Qxd6+ Kg7 46. Qe5+ Kh7 47. Qxb5 g4 48. Rd1 Kh6 49. Qe5 gxh3 50. gxh3 Qf6 51. Qe8 Rg3 52. Re1 Qg7 53. Qe6+ Qg6 54. Qxg6+ Kxg6 55. Rg1 1/2-1/2

[Event "Nord Baltic-chS 1st corr"]
[Site "Denmark"]
[Date "1995.??.??"]
[Round "?"]
[White "Seisler, Dimitri"]
[Black "Umberg, Voldemar"]
[Result "1-0"]
[WhiteElo "2325"]
[BlackElo "2200"]
[PlyCount "73"]
[EventDate "1995.??.??"]
[EventType "tourn (corr)"]
[EventRounds "15"]
[EventCountry "DEN"]
[EventCategory "4"]
[SourceTitle "Corr 2002"]
[Source "ChessBase"]
[SourceDate "2002.05.23"]
[SourceVersion "1"]
[SourceVersionDate "2002.05.23"]
[SourceQuality "1"]

1. e4 c5 2. Nf3 Nc6 3. d4 cxd4 4. Nxd4 Nf6 5. Nc3 d6 6. Be3 Ng4 7. Bb5 Nxe3 8. Nxc6 Qd7 9. Nxa7 Nxd1 10. Nxc8 Rxc8 11. Bxd7+ Kxd7 12. Kxd1 g6 13. Nd5 Ke6 14. Re1 f5 15. Nb6 Rc6 16. exf5+ Kf7 17. Nd5 Rc5 18. Nf4 gxf5 19. c3 Bh6 20. Nd3 Rd5 21. Kc2 Rg8 22. g3 e5 23. Rad1 Ke6 24. Re2 Ra5 25. Nb4 d5 26. f4 e4 27. Red2 Rd8 28. c4 Rc8 29. Nxd5 Rxc4+ 30. Nc3 Bf8 31. Rd7 Rb5 32. Rxh7 Ba3 33. bxa3 Rbc5 34. Rhd7 Rxc3+ 35. Kb2 Rc2+ 36. Kb1 Rc6 37. R7d6+ 1-0

[Event "Nord Baltic-chS 1st corr"]
[Site "Denmark"]
[Date "1995.??.??"]
[Round "?"]
[White "Umberg, Voldemar"]
[Black "Ros, Aksel"]
[Result "1-0"]
[WhiteElo "2200"]
[BlackElo "2430"]
[PlyCount "71"]
[EventDate "1995.??.??"]
[EventType "tourn (corr)"]
[EventRounds "15"]
[EventCountry "DEN"]
[EventCategory "4"]
[SourceTitle "Corr 2002"]
[Source "ChessBase"]
[SourceDate "2002.05.23"]
[SourceVersion "1"]
[SourceVersionDate "2002.05.23"]
[SourceQuality "1"]

1. c4 c6 2. d4 d5 3. Nf3 Nf6 4. Nc3 dxc4 5. e4 b5 6. e5 Nd5 7. a4 e6 8. axb5 Nxc3 9. bxc3 cxb5 10. Ng5 Bb7 11. Qh5 g6 12. Qg4 Be7 13. Be2 Nd7 14. Bf3 Qc8 15. Ne4 0-0 16. Qg3 f5 17. Ng5 Bxf3 18. Qxf3 Nb6 19. h4 h5 20. Rh3 Nd5 21. Rg3 f4 22. Qe4 Rf5 23. Rf3 Bxg5 24. hxg5 a5 25. Bxf4 b4 26. Bd2 Rxf3 27. Qxg6+ Kf8 28. gxf3 Ra7 29. Qh6+ Kg8 30. g6 Qc7 31. Bg5 Qg7 32. Qxh5 b3 33. Kd2 a4 34. Rh1 a3 35. Bh6 Qe7 36. Bf8 1-0

[Event "Nord Baltic-chS 1st corr"]
[Site "Denmark"]
[Date "1995.??.??"]
[Round "?"]
[White "Umberg, Voldemar"]
[Black "Salmins, Gedimins"]
[Result "1/2-1/2"]
[WhiteElo "2200"]
[BlackElo "2360"]
[PlyCount "37"]
[EventDate "1995.??.??"]
[EventType "tourn (corr)"]
[EventRounds "15"]
[EventCountry "DEN"]
[EventCategory "4"]
[SourceTitle "Corr 2002"]
[Source "ChessBase"]
[SourceDate "2002.05.23"]
[SourceVersion "1"]
[SourceVersionDate "2002.05.23"]
[SourceQuality "1"]

1. c4 Nf6 2. Nc3 e5 3. g3 Bb4 4. Bg2 0-0 5. Nf3 Nc6 6. 0-0 d6 7. d3 Bxc3 8. bxc3 e4 9. Ng5 exd3 10. exd3 Bg4 11. f3 Bd7 12. Rb1 Rb8 13. Re1 Re8 14. Ne4 Nxe4 15. fxe4 Ne5 16. Bf4 b6 17. h3 Ng6 18. Be3 Qe7 19. d4 1/2-1/2